书目信息 |
| 题名: |
历史
|
|
| 作者: | 莫兰黛 著 ;袁华清 , 徐春青 , 万子美 译 | |
| 分册: | 上 | |
| 出版信息: | 北京 外国文学出版社 1980.10 |
|
| 页数: | 466页 | |
| 开本: | 19cm | |
| 丛书名: | ||
| 单 册: | ||
| 中图分类: | I546.4 | |
| 科图分类: | ||
| 主题词: | 文学 | |
| 电子资源: | ||
| ISBN: | ||
| 000 | 00742nam0 2200253 45 | |
| 001 | 0181020990 | |
| 005 | 20060912170337.32 | |
| 010 | @dCNY2.00 | |
| 091 | @a10208.30 | |
| 100 | @a20810111d km y0chiy0120 ea | |
| 101 | 0 | @achi |
| 105 | @a z 000ay | |
| 200 | 1 | @a历史@ALi Shi@e长篇小说@EChang Pian Xiao Shuo@h上@f(意)莫兰黛著@F(Yi)MoLan Dai Zhu@g万子美,袁华清,徐春青译 |
| 210 | @a北京@c外国文学出版社@d1980.10 | |
| 215 | @a466页@d19cm | |
| 517 | @a长篇小说@AChang Pian Xiao Shuo | |
| 606 | 0 | @a文学 |
| 690 | @aI546.4 | |
| 701 | 0 | @a莫兰黛@4著 |
| 702 | 0 | @a袁华清@AYuan Hua Qing@4译 |
| 702 | 0 | @a徐春青@AXu Chun Qing@4译 |
| 702 | 0 | @a万子美@AWan Zi Mei@4译 |
| 801 | @aCN@bTSTC@c20060912 | |
| 905 | @dI546.4@f1@b34352@e290:1 | |
| 历史:长篇小说.上/(意)莫兰黛著/万子美,袁华清,徐春青译.-北京:外国文学出版社,1980.10 |
| 466页;19cm |
| ISBN :CNY2.00 |
| ● |
| 相关链接 |
|
|
|
|
正题名:历史
索取号:I546.4/290:1
 
预约/预借
| 序号 | 登录号 | 条形码 | 馆藏地/架位号 | 状态 | 备注 |
| 1 | 0034350 | 001907967 | 密集书库/ [索取号:I546.4/290:1] | 在馆 | |
| 2 | 0034352 | 001921442 | 密集书库/ [索取号:I546.4/290:1] | 在馆 | |
| 3 | 0474165 | 204741654 | 密集书库/ [索取号:I546.4/290:1] | 在馆 |